El mundo, el texto y el crítico / (Record no. 77584)

MARC details
000 -LEADER
campo de control de longitud fija 00743nam a2200241 i 4500
001 - NÚMERO DE CONTROL
campo de control 77584
003 - IDENTIFICADOR DE NÚMERO DE CONTROL
campo de control ES-MaACL
005 - FECHA Y HORA DE LA ÚLTIMA TRANSACCIÓN
campo de control 20240224063105.0
007 - CAMPO FIJO DE DESCRIPCIÓN FÍSICA--INFORMACIÓN GENERAL
campo de control de longitud fija t|
008 - DATOS DE LONGITUD FIJA--INFORMACIÓN GENERAL
campo de control de longitud fija 041022s2004 sp ||||1| spa d
020 ## - NÚMERO INTERNACIONAL ESTÁNDAR DEL LIBRO
Número Internacional Estándar del Libro 84-8306-555-X
080 ## - NÚMERO DE LA CLASIFICACIÓN DECIMAL UNIVERSAL
Número de la Clasificación Decimal Universal 821.111-95"19"
100 0# - ENTRADA PRINCIPAL--NOMBRE DE PERSONA
Nombre de persona Said, Edward W.,
Fechas asociadas al nombre 1935-2003
9 (RLIN) 101485
245 13 - MENCIÓN DEL TÍTULO
Título El mundo, el texto y el crítico /
Mención de responsabilidad, etc. Edward W. Said ; traducción de Ricardo García Pérez.
250 ## - MENCION DE EDICION
Mención de edición 1ª ed. en esta colección.
260 ## - PUBLICACIÓN, DISTRIBUCIÓN, ETC.
Lugar de publicación, distribución, etc. [Barcelona] :
Nombre del editor, distribuidor, etc. Debate,
Fecha de publicación, distribución, etc. 2004.
300 ## - DESCRIPCIÓN FÍSICA
Extensión 430 p. ;
Dimensiones 22 cm.
490 1# - MENCIÓN DE SERIE
Mención de serie Referencias
700 1# - ENTRADA AGREGADA--NOMBRE PERSONAL
Nombre de persona García Pérez, Ricardo.
9 (RLIN) 137803
830 0# - PUNTO DE ACCESO ADICIONAL DE SERIE-TÍTULO UNIFORME
Título uniforme Referencias
9 (RLIN) 176615
852 ## - LOCALIZACIÓN
Ubicación ES-MaACL
Número de control de estantería L-28351
Sublocalización o colección R.134258
Holdings
Estatus retirado Estado de pérdida Estado de daño No para préstamo Biblioteca de origen Biblioteca actual Ubicación en estantería Fecha de adquisición Fuente de adquisición Total de préstamos Signatura topográfica completa Código de barras Visto por última vez Precio de reemplazo Tipo de ítem Koha
        Biblioteca del Ateneo de Madrid Biblioteca del Ateneo de Madrid Depósito 2 17/01/2008     L-28351 1081173 23/02/2023 23/02/2023 Libro impreso